| 000 | 00993cam a2200205 4500 | ||
|---|---|---|---|
| 001 | WB3483-03 | ||
| 008 | 021120n2002 000 0 eng u | ||
| 035 | _a(Sirsi) u120520 | ||
| 245 | _aProperty returns to fall from this year | ||
| 260 | _c2002 | ||
| 490 |
_aEstates Gazette _v(0246) 16 November 2002, 49(1) |
||
| 520 | _aThe latest Investment Property Forum (IPF) consensus forecast of independent property forecasters claims that rents and capital values will stagnate in 2003 and total return from property will fall from this year to 7.6%. Rental growth and capital growth will only hit 0.5% in 2003. Forecasts for 2004 have also grown more pessimistic. IPF consensus forecast at http://www.ipf.org.uk/web/research/forecasts.html | ||
| 590 | _aWB | ||
| 650 | _aIPF CONSENSUS FORECAST SURVEY | ||
| 650 | _aRENTAL GROWTH | ||
| 650 | _aCAPITAL GROWTH | ||
| 650 | _aTOTAL RETURNS | ||
| 690 | _aPROPERTY-COMMERCIAL PROPERTY-COMMERCIAL PROPERTY FINANCE AND INVESTMENT | ||
| 942 | _n0 | ||
| 999 |
_c71602 _d71602 |
||